| 000 | 01411nam a2200277 a 4500 | ||
|---|---|---|---|
| 001 | 000038763 | ||
| 005 | 20240508073817.0 | ||
| 008 | 130422s2012 dr 000 0 spa d | ||
| 020 | _a9789945074697 | ||
| 040 |
_aDO-SdBNP _bspa _cBNPHU |
||
| 082 |
_a327.4207293 _bM375c |
||
| 100 | 1 |
_aMarte, Roberto _912699 |
|
| 245 | 1 | 0 |
_aCorrespondencia consular inglesa sobre la anexión de Santo Domingo a España / _cRoberto Marte. |
| 260 |
_aSanto Domingo : _bArchivo General de la Nación, _c2012. |
||
| 300 |
_a348 p. ; _c25 cm. |
||
| 490 | 1 |
_aArchivo General de la Nación ; _v176 |
|
| 504 | _aIncluye referencias bibliográficas y notas al pie de páginas. | ||
| 505 | 0 |
_gIntroducción -- _tCorrespondencia del Consulado inglés en Santo Domingo 1861-1864 -- _tPapeles relativos a la anexión de la parte este de Santo Domingo a España presentados a la Cámaras de los Comunes por orden de su Majestad -- _gIncluye índice onomástico. |
|
| 590 | _aInventariado, 2018/BT | ||
| 651 | 4 |
_aRepública Dominicana _xHistoria Diplomática _965064 |
|
| 651 | 4 |
_aRepública Dominicana _xServicio Diplomático Y Consular _xHistoria _965065 |
|
| 651 | 4 |
_aInglaterra _xServicio Diplomático Y Consular _xHistoria _965066 |
|
| 651 | 4 |
_aRepública Dominicana _xHistoria _yANEXIÓN A ESPAÑA, 1861-1865 _9139 |
|
| 651 | 0 |
_aREPÚBLICA DOMINICANA _xHISTORIA _yRESTAURACIÓN 1863-1865 _9896 |
|
| 910 | _aValidado. Control de calidad. EMS | ||
| 999 |
_c38253 _d38253 |
||